From cattles to battles till the break of colonial shackles : (Record no. 143607)

MARC details
000 -LEADER
fixed length control field 00695nam a22002057a 4500
005 - DATE AND TIME OF LATEST TRANSACTION
control field 20170821142935.0
010 ## - LCCN (DPL NO)
LC control number ENG-119941
020 ## - INTERNATIONAL STANDARD BOOK NUMBER
International Standard Book Number 9788126463794
Terms of availability 450.00
035 ## - SYSTEM CONTROL NUMBER
System control number EN-103473
037 ## - SOURCE OF ACQUISITION
Source of stock number/acquisition DBAD/PUB
082 ## - DEWEY DECIMAL CLASSIFICATION NUMBER
Classification number 954
100 ## - MAIN ENTRY--PERSONAL NAME
Personal name Arjun .R. Shankar
245 ## - TITLE STATEMENT
Title From cattles to battles till the break of colonial shackles :
Statement of responsibility, etc by Arjun .R. Shankar [and] Shiju Alokan ; edited by P. Vinod Kumar
Remainder of title the history of India /
260 ## - PUBLICATION, DISTRIBUTION, ETC. (IMPRINT)
Place of publication, distribution, etc [S.I]
Name of publisher, distributor, etc iRank an imprint of Dc Books
Date of publication, distribution, etc 201?
300 ## - PHYSICAL DESCRIPTION
Extent 799p.
Dimensions 21cm(pbk)
500 ## - GENERAL NOTE
General note Includes bibliographical references and index
700 ## - ADDED ENTRY--PERSONAL NAME
Personal name Shiju Alokan
700 ## - ADDED ENTRY--PERSONAL NAME
Personal name Vinod Kumar, P.
942 ## - ADDED ENTRY ELEMENTS (KOHA)
Source of classification or shelving scheme Dewey Decimal Classification
Item type English Books
Classification part 954
Call number suffix ARJ
Holdings
Withdrawn status Lost status Not for loan Collection code Home library Current library Date acquired Source of acquisition Cost, normal purchase price Full call number Barcode Copy number Cost, replacement price Koha item type
    Not For Loan Non-fiction D.B.Act.Division Bawana 21/08/2017 DBAD/PUB 450.00 954 ARJ EN-103473 1 450.00 English Books

© Delhi Public Library
Hit Counter
free hit counter